Programming and problem solving with C++ (Record no. 151432)

MARC details
000 -LEADER
fixed length control field 00401nam a2200157Ia 4500
008 - FIXED-LENGTH DATA ELEMENTS--GENERAL INFORMATION
fixed length control field 230917s9999||||xx |||||||||||||| ||und||
040 ## - CATALOGING SOURCE
-- 181703
Original cataloging agency VIVEKANANDA LIBRARY
041 ## - Language
-- English
082 ## - DDC NUMBER
Classification number 005.133 D154P(5)
100 ## - MAIN ENTRY--PERSONAL NAME
Personal name Dale, Nell
245 #0 - TITLE STATEMENT
Title Programming and problem solving with C++
250 ## - EDITION STATEMENT
Edition statement 5th ed.
260 ## - PUBLICATION, DISTRIBUTION, ETC. (IMPRINT)
Place of publication, distribution, etc Boston
Name of publisher, distributor, etc Jones and Bartlett
Date of publication, distribution, etc 2010
300 ## - PHYSICAL DESCRIPTION
Pages xix, 1052 p.
942 ## - ADDED ENTRY ELEMENTS (KOHA)
Koha item type Books
Holdings
Withdrawn status Lost status Damaged status Not for loan Location (home branch) Sublocation or collection (holding branch) Shelving location Date acquired Koha issues (times borrowed) Koha full call number Accession No. Koha date last seen Koha item type
        VIVEKANANDA LIBRARY VIVEKANANDA LIBRARY UIET Library 22/03/2011 1 005.133 D154P(5) 273816 24/10/2024 Books
        VIVEKANANDA LIBRARY VIVEKANANDA LIBRARY   22/03/2011   005.133 D154P(5) 323012 17/09/2023 Books
        VIVEKANANDA LIBRARY VIVEKANANDA LIBRARY   22/03/2011   005.133 D154P(5) 323013 17/09/2023 Books
        VIVEKANANDA LIBRARY VIVEKANANDA LIBRARY   22/03/2011   005.133 D154P(5) 323014 17/09/2023 Books
        VIVEKANANDA LIBRARY VIVEKANANDA LIBRARY   22/03/2011   005.133 D154P(5) 323015 17/09/2023 Books
        VIVEKANANDA LIBRARY VIVEKANANDA LIBRARY   22/03/2011   005.133 D154P(5) 323016 17/09/2023 Books
        VIVEKANANDA LIBRARY VIVEKANANDA LIBRARY   22/03/2011   005.133 D154P(5) 325727 17/09/2023 Books
        VIVEKANANDA LIBRARY VIVEKANANDA LIBRARY UIET Library 22/03/2011 1 005.133 D154P(5) 358226 05/12/2025 Books
© Designed and Maintained by Vivekananda Library, MDU Rohtak